10 most Populous Cities that Start with D - Statistics

General Stats
  • This quiz has been taken 45 times
  • The average score is 5 of 10
Answer Stats
Hint Answer % Correct
10,927,986 Delhi
90%
10,356,500 Dhaka
73%
2,476,400 Dakar
58%
4,087,733 Dalian
53%
1,569,394 Damascus
53%
2,698,652 Dar es Salaam
53%
3,120,282 Durban
43%
2,566,540 Daegu
40%
8,000,000 Dongguan
25%
2,000,000 Dadonghai
0%
No matching quizzes found
Score Distribution
Percent of People with Each Score
Percentile by Number Answered
Your Score History
You have not taken this quiz